|
|
|
|
| LEADER |
00000nam2a2200000 4500 |
| 001 |
295036 |
| 005 |
20231102000752.0 |
| 035 |
|
|
|a (RuTPU)RU\TPU\book\320112
|
| 090 |
|
|
|a 295036
|
| 100 |
|
|
|a 20150520d1983 k y0rusy5003 ca
|
| 101 |
0 |
|
|a rus
|
| 102 |
|
|
|a RU
|
| 105 |
|
|
|a y z 001zy
|
| 200 |
0 |
|
|a Т. 15
|f науч. ред. Н. М. Остиану
|
| 210 |
|
|
|d 1983
|
| 215 |
|
|
|a 215 с.
|c ил.
|
| 320 |
|
|
|a Библиография в конце работ
|
| 461 |
|
1 |
|0 (RuTPU)RU\TPU\book\200269
|x 0202-7461
|t Проблемы геометрии
|f Академия наук СССР (АН СССР), Всесоюзный институт научной и технической информации (ВИНИТИ)
|v Т. 15
|d 1975-1991
|s Проблемы геометрии
|
| 606 |
1 |
|
|a Геометрия
|2 stltpush
|3 (RuTPU)RU\TPU\subj\6171
|9 34123
|
| 610 |
1 |
|
|a дискретные группы
|
| 610 |
1 |
|
|a параметры
|
| 610 |
1 |
|
|a вариации
|
| 610 |
1 |
|
|a движения
|
| 610 |
1 |
|
|a пространства
|
| 610 |
1 |
|
|a связности
|
| 610 |
1 |
|
|a многообразия
|
| 610 |
1 |
|
|a расслоения
|
| 675 |
|
|
|a 514
|z rus
|v 3
|
| 702 |
|
1 |
|a Остиану
|b Н. М.
|4 340
|
| 801 |
|
0 |
|a RU
|b RuMRKP
|c 19950704
|g psbo
|
| 801 |
|
1 |
|a RU
|b 63413507
|c 20150520
|
| 801 |
|
2 |
|a RU
|b 63413507
|c 20181116
|g RCR
|
| 942 |
|
|
|c BK
|